LEADER 01167nam a2200265 i 4500 001 000000156346 003 CaOOAMICUS 005 20061204000000.0 008 061204s1964 it u000 u ita u 013 $a133701 040 $aSeMil$bita 245 10$aGiovanni Segantini /$c[Luciano Budigna]. 246 04$iTitolo in copertina:$aSegantini 260 $aMilano :$bFabbri,$ccopyr. 1964. 300 $a[6] p., 17. p. di tav. :$bill. ;$c36 cm. 490 0 $aI maestri del colore : la pił grande collana d'arte del mondo ;$v62 500 $aFormulazione di responsabilitą ricavata dal testo. 600 14$aSegantini, Giovanni <1858-1899>.$0(OLS)http://semarc/subject/30575 700 1 $aBudigna, Luciano.$0(OLS)http://semarc/name/61094 830 2$aI maestri del colore : la pił grande collana d'arte del mondo ;$v62.$0(OLS)http://semarc/title/2091 850 $aSeMil 852 $aSeMil$W1$xVenegono$y1$m5G XII 7/62$j108118$B108118$CSeMilBibl$Z2$F117722 $81 996 $6245$aGiovanni Segantini$9(OLS)http://semarc/title/229129 996 $6246$aSegantini$9(OLS)http://semarc/title/229130 996 $6260$aMilano :$bFabbri$9(OLS)http://semarc/publisher/30054 LEADER 01074nam a2200253 i 4500 001 000000059958 003 CaOOAMICUS 005 20121025000000.0 008 121025s1970 xx u000 u ger u 013 $a31130 020 $a3-499-16727-1 040 $aSeMil$bita 100 1 $aWyneken, Gustav.$0(OLS)http://semarc/name/30526 245 10$aAbschied vom Christentum :$bein Nichtchrist befragt die Religionswissenschaft /$cGustav Wyneken. 260 $aReinbek bei Hamburg :$bRowohlt,$c1970. 300 $a259 p. ;$c19 cm. 490 0 $aRororo ;$v6727.-2728 650 4$aCristianesimo.$0(OLS)http://semarc/subject/425 830 0$aRororo ;$v6727.-2728.$0(OLS)http://semarc/title/11300 850 $aSeMil 852 $aSeMil$W1$xVenegono$y1$m2K I 332$j26111$B26111$CSeMilBibl$Z2$F26114 $81 996 $6020$a3-499-16727-1$9(OLS)http://semarc/number/35952 996 $6245$aAbschied vom Christentum :$bein Nichtchrist befragt die Religionswissenschaft$9(OLS)http://semarc/title/93826 996 $6260$aReinbek bei Hamburg :$bRowohlt$9(OLS)http://semarc/publisher/32320